000 00705nam a2200193Ii 4500
003 JO-AjNU
008 230605s9999||||xx |||||||||||||| ||und||
040 _aJO-AjNU
_bara
_erda
_cJO-AjNU
041 _aara
050 1 4 _aBP173.75 2012
100 3 _aعبد الرازق، محمود حامد,
_eauthor
_934461
245 0 0 _aالنظام المالي الإسلامي ودوره في الإقتصاد العربي
264 3 1 _aالقاهرة: المنظمة العربية للتنمية الادارية، 2012
300 _a176ص
336 _atext
_btxt
_2rdacontent
337 _aunmediated
_bn
_2rdamedia
338 _avolume
_bnc
_2rdacarrier
650 4 _aالاقتصاد الاسلامي
_934462
999 _aA14133
_c17701
_d17701